000 00398nam a2200157Ia 4500
008 230711s9999||||xx |||||||||||||| ||und||
041 _aENG
082 _a621
_bMO-P
100 _aMorse ,F.T
245 0 _aPower plant engineering
250 _a1st
260 _c1953
_aNew Delhi
_bEWP(Affiliated East-West Press Private Limited)
300 _a687
650 _aElectrical Engineering
942 _cBK
999 _c1264
_d1264